[Event "Jan Macieja Memorial"]
[Site "Warsaw POL"]
[Date "2023.07.10"]
[Round "4.16"]
[White "Dworakowska, Joanna"]
[Black "Bartel, Marta"]
[Result "0-1"]
[WhiteElo "2234"]
[BlackElo "1985"]
[EventDate "2023.07.10"]
[PlyCount "62"]

1.e4 c5 2.Nf3 d6 3.d4 cxd4 4.Nxd4 Nf6 5.Nc3 Nc6 6.Bg5 Qb6 7.Nb3 e6 8.Qd2 a6 
9.Be2 Be7 10.O-O O-O 11.Kh1 Qc7 12.a4 b6 13.Rad1 Rd8 14.f4 Bb7 15.Qe3 Nb4 
16.Rd2 Rac8 17.Nd4 h6 18.Bh4 d5 19.Bxf6 Bxf6 20.e5 Be7 21.Qh3 Nc6 22.Nxe6 fxe6 
23.Qxe6+ Kh8 24.Nxd5 Rxd5 25.Qxd5 Rd8 26.Bc4 Rxd5 27.Bxd5 Nb4 28.Bxb7 Qxb7 
29.Rfd1 Qe4 30.c3 Nc6 31.Rf1 Bc5 0-1

[Event "Jan Macieja Memorial"]
[Site "Warsaw POL"]
[Date "2023.07.10"]
[Round "4.17"]
[White "Sriram, Jha"]
[Black "Dzida, Kamil"]
[Result "1/2-1/2"]
[WhiteElo "2221"]
[BlackElo "2139"]
[EventDate "2023.07.10"]
[PlyCount "70"]

1.d4 Nf6 2.Nf3 e6 3.c4 b6 4.g3 Ba6 5.Qa4 Bb7 6.Bg2 c5 7.dxc5 Bxc5 8.O-O O-O 
9.Nc3 Be7 10.Rd1 Na6 11.Bf4 Nc5 12.Qc2 Rc8 13.Rac1 Nce4 14.Nxe4 Bxe4 15.Qa4 d5 
16.cxd5 Rxc1 17.Rxc1 Qxd5 18.Qxa7 Bc5 19.b4 Bxb4 20.Qxb6 Ba3 21.Re1 Bc5 22.Qb3 
Ng4 23.Rf1 Ra8 24.h3 Nf6 25.Rd1 Qxb3 26.axb3 Bd5 27.Ne5 h6 28.Bxd5 Nxd5 29.Nd3 
Be7 30.Be5 f6 31.Bb2 Rb8 32.e4 Nb4 33.Nc1 Nc6 34.Bc3 Kf7 35.Kg2 Bc5 1/2-1/2

[Event "Jan Macieja Memorial"]
[Site "Warsaw POL"]
[Date "2023.07.10"]
[Round "4.18"]
[White "Jasiulewicz, Dawid"]
[Black "Malicka, Maria"]
[Result "0-1"]
[WhiteElo "1797"]
[BlackElo "2168"]
[EventDate "2023.07.10"]
[PlyCount "54"]

1.d4 Nf6 2.Nf3 g6 3.c4 Bg7 4.Nc3 d5 5.cxd5 Nxd5 6.e4 Nxc3 7.bxc3 c5 8.Rb1 O-O 
9.Be2 Nc6 10.d5 Bxc3+ 11.Bd2 Bxd2+ 12.Qxd2 Nd4 13.Nxd4 cxd4 14.Qxd4 Qa5+ 15.Qd2 
Qxd2+ 16.Kxd2 Rd8 17.Ke3 e6 18.dxe6 Bxe6 19.Rxb7 a5 20.Rb2 Rac8 21.Rd1 Rc3+ 
22.Kf4 Rdc8 23.Bg4 Bxg4 24.Kxg4 R8c4 25.Kf4 Ra3 26.f3 Rca4 27.Rdd2 Kg7 0-1

[Event "Jan Macieja Memorial"]
[Site "Warsaw POL"]
[Date "2023.07.10"]
[Round "4.19"]
[White "Cukrowski, Filip"]
[Black "Hury, Tymoteusz"]
[Result "1-0"]
[WhiteElo "2258"]
[BlackElo "1827"]
[EventDate "2023.07.10"]
[PlyCount "51"]

1.d4 Nf6 2.c4 e6 3.Nc3 d5 4.Nf3 Be7 5.g3 O-O 6.Bg2 b6 7.O-O Bb7 8.cxd5 Nxd5 
9.Nxd5 Bxd5 10.Qc2 Nd7 11.e4 Bb7 12.Bf4 Rc8 13.Rad1 Bd6 14.Be3 Re8 15.e5 Be7 
16.Ng5 Bxg5 17.Bxb7 Rb8 18.Bxg5 Qxg5 19.Qxc7 Red8 20.Bg2 a5 21.h4 Qe7 22.Bb7 
Qb4 23.b3 Nf8 24.d5 exd5 25.Bxd5 Ne6 26.Bxe6 1-0

[Event "Jan Macieja Memorial"]
[Site "Warsaw POL"]
[Date "2023.07.10"]
[Round "4.21"]
[White "Siekanska, Maria"]
[Black "Koziorowicz, Michal"]
[Result "0-1"]
[WhiteElo "1902"]
[BlackElo "2253"]
[EventDate "2023.07.10"]
[PlyCount "54"]

1.d4 e6 2.g3 f5 3.Bg2 Nf6 4.c4 Be7 5.Nf3 d6 6.O-O O-O 7.Nc3 Ne4 8.Qc2 Nxc3 
9.Qxc3 Bf6 10.Rd1 a5 11.Qc2 Qe8 12.e4 Nc6 13.exf5 exf5 14.d5 Nb4 15.Qd2 Qh5 
16.Rb1 f4 17.a3 Bf5 18.axb4 Bxb1 19.bxa5 fxg3 20.fxg3 Rae8 21.b4 Be4 22.Rf1 Ba1 
23.Ne1 Rxf1+ 24.Bxf1 Qe5 25.Bg2 Bd4+ 26.Kh1 Rf8 27.Qe2 Bxg2+ 0-1

[Event "Jan Macieja Memorial"]
[Site "Warsaw POL"]
[Date "2023.07.10"]
[Round "4.24"]
[White "Lecki, Leonard"]
[Black "Ladan, Nicholas"]
[Result "0-1"]
[WhiteElo "1879"]
[BlackElo "2162"]
[EventDate "2023.07.10"]
[PlyCount "38"]

1.e4 b6 2.d4 Bb7 3.Bd3 f5 4.exf5 Bxg2 5.Qh5+ g6 6.fxg6 Bg7 7.gxh7+ Kf8 
8.hxg8=Q+ Kxg8 9.Qg4 Bxh1 10.Nf3 Bxf3 11.Qxf3 Nc6 12.Bg5 Qf8 13.Bc4+ e6 
14.Bxe6+ dxe6 15.Qxc6 Rxh2 16.Qxe6+ Kh8 17.Be3 Re8 18.Qg4 Qxf2+ 19.Kd1 Qf1# 0-1

[Event "Jan Macieja Memorial"]
[Site "Warsaw POL"]
[Date "2023.07.10"]
[Round "4.25"]
[White "Minald, Andrey"]
[Black "Gbiorczyk, Mikolaj"]
[Result "1-0"]
[WhiteElo "2155"]
[BlackElo "1874"]
[EventDate "2023.07.10"]
[PlyCount "59"]

1.c4 f5 2.d4 Nf6 3.Nc3 d6 4.Nf3 g6 5.b3 Bg7 6.Bb2 O-O 7.g3 c6 8.Bg2 Qe8 9.d5 c5 
10.O-O h6 11.Qc2 a6 12.a4 Nbd7 13.Rfe1 Qf7 14.e4 fxe4 15.Nxe4 Nxe4 16.Bxg7 Qxg7 
17.Qxe4 Rf7 18.h3 Nf6 19.Qe3 Bd7 20.Ra2 Raf8 21.Rae2 Nh5 22.Nd2 b5 23.axb5 axb5 
24.f4 Ra8 25.Kh2 Ra3 26.Qd3 Bf5 27.Qe3 Bc2 28.cxb5 Qb2 29.Nc4 Qxb3 30.Nxa3 1-0

[Event "Jan Macieja Memorial"]
[Site "Warsaw POL"]
[Date "2023.07.10"]
[Round "4.27"]
[White "Kubicka, Anna"]
[Black "Szewczak, Andrzej"]
[Result "0-1"]
[WhiteElo "2144"]
[BlackElo "1843"]
[EventDate "2023.07.10"]
[PlyCount "83"]

1.e4 e5 2.Nf3 Nc6 3.Bb5 Bc5 4.O-O Qf6 5.Bxc6 dxc6 6.h3 Ne7 7.c3 h6 8.d4 exd4 
9.cxd4 Bb6 10.Nc3 Be6 11.Na4 O-O 12.Be3 Rfd8 13.Nxb6 axb6 14.Qe2 b5 15.b3 Ra3 
16.Rac1 Rda8 17.Rc2 g5 18.Ne5 Ng6 19.Nxg6 Qxg6 20.Bc1 R3a6 21.f4 gxf4 22.Rxf4 
Bxh3 23.Rh4 Be6 24.Rxh6 Qg7 25.Be3 Qg3 26.Rh5 f6 27.Bf2 Qg4 28.Rh6 Qxe2 29.Rxe2 
Kg7 30.Be3 Rxa2 31.Rxa2 Rxa2 32.Rh5 Bxb3 33.Rh3 Bc4 34.Rg3+ Kf7 35.Bf4 b4 36.e5 
fxe5 37.Bxe5 b3 38.Rf3+ Ke6 39.Re3 Kd5 40.Bg7 b2 41.Re5+ Kd6 42.Re1 0-1

[Event "Jan Macieja Memorial"]
[Site "Warsaw POL"]
[Date "2023.07.10"]
[Round "4.30"]
[White "Fiszer, Bartosz"]
[Black "Karut, Kacper"]
[Result "0-1"]
[WhiteElo "2132"]
[BlackElo "1796"]
[EventDate "2023.07.10"]
[PlyCount "66"]

1.e4 c5 2.Nf3 Nc6 3.d4 cxd4 4.Nxd4 Nf6 5.Nc3 d6 6.Bg5 Bd7 7.Qd2 Rc8 8.O-O-O 
Nxd4 9.Qxd4 Qa5 10.Bxf6 gxf6 11.Kb1 Qc5 12.Qxc5 Rxc5 13.Rd5 Rxd5 14.Nxd5 f5 
15.exf5 Bxf5 16.Bd3 Bxd3 17.cxd3 e6 18.Ne3 Rg8 19.Rc1 Kd7 20.Rc4 Bh6 21.Ng4 Bg7 
22.g3 f5 23.Ne3 Bf6 24.Ra4 a6 25.Rb4 Kc7 26.Rc4+ Kd7 27.Rb4 Kc7 28.Rf4 b5 29.b3 
Bg5 30.Rb4 Rf8 31.f4 Bf6 32.d4 d5 33.a4 Be7 0-1

[Event "Jan Macieja Memorial"]
[Site "Warsaw POL"]
[Date "2023.07.10"]
[Round "4.31"]
[White "Wiech, Grzegorz"]
[Black "Mazur, Maciej"]
[Result "1-0"]
[WhiteElo "2131"]
[BlackElo "1758"]
[EventDate "2023.07.10"]
[PlyCount "61"]

1.e4 d5 2.exd5 Qxd5 3.Nc3 Qa5 4.Nf3 Nf6 5.d4 c6 6.Ne5 Bf5 7.g4 Bg6 8.h4 Nbd7 
9.Nc4 Qc7 10.h5 Be4 11.Nxe4 Nxe4 12.Qf3 Nef6 13.Bf4 Qd8 14.O-O-O Nd5 15.Re1 e6 
16.Nd6+ Bxd6 17.Bxd6 N7f6 18.Ba3 Qc7 19.g5 Nd7 20.Rh4 N7b6 21.c4 Ne7 22.Rf4 Rf8 
23.Rxe6 Nc8 24.Re5 f6 25.Bh3 f5 26.Bxf5 Nd6 27.Bg6+ Kd7 28.Rxf8 Rxf8 29.Qxf8 
Nxg6 30.hxg6 hxg6 31.Re7# 1-0

[Event "Jan Macieja Memorial"]
[Site "Warsaw POL"]
[Date "2023.07.10"]
[Round "4.32"]
[White "Golecki, Jan"]
[Black "Adamski, Adam"]
[Result "1-0"]
[WhiteElo "2122"]
[BlackElo "1777"]
[EventDate "2023.07.10"]
[PlyCount "57"]

1.e4 c5 2.Nf3 d6 3.d4 cxd4 4.Qxd4 a6 5.c4 Nc6 6.Qe3 Nf6 7.Nc3 e6 8.Be2 Be7 
9.O-O O-O 10.Rd1 Qc7 11.b3 Nd7 12.Bb2 Nde5 13.Nxe5 Nxe5 14.Rac1 Bd7 15.f4 Ng6 
16.Kh1 d5 17.f5 Bc5 18.Qd2 Nf4 19.cxd5 Nxe2 20.Nxe2 Qb6 21.dxe6 Bb5 22.f6 Be3 
23.Qc3 Bxc1 24.fxg7 Rfd8 25.exf7+ Kxf7 26.Rf1+ Kg6 27.Qg3+ Kh6 28.Qh4+ Kg6 
29.Rf6+ 1-0

[Event "Jan Macieja Memorial"]
[Site "Warsaw POL"]
[Date "2023.07.10"]
[Round "4.33"]
[White "Gluszko, Monika"]
[Black "Zubova, Mariya"]
[Result "1-0"]
[WhiteElo "1829"]
[BlackElo "2116"]
[EventDate "2023.07.10"]
[PlyCount "125"]

1.e4 c5 2.Nf3 Nc6 3.d4 cxd4 4.Nxd4 Nf6 5.Nc3 e5 6.Ndb5 d6 7.Bg5 a6 8.Na3 b5 
9.Nd5 Be7 10.Bxf6 Bxf6 11.c3 Rb8 12.Nc2 Bg5 13.b4 O-O 14.a4 bxa4 15.Rxa4 a5 
16.b5 Ne7 17.Nce3 Bxe3 18.Nxe3 Be6 19.Qa1 Ra8 20.c4 f5 21.exf5 Nxf5 22.Nd5 Nd4 
23.Bd3 Bxd5 24.cxd5 Nb3 25.Qb1 Nc5 26.Bxh7+ Kh8 27.Rg4 Qf6 28.O-O Qh6 29.Bg6 
Rf4 30.Rg3 Rh4 31.h3 a4 32.Qf5 a3 33.Rg5 a2 34.Ra1 Nb3 35.Rxa2 Rb8 36.Ra7 Rf4 
37.Qd7 Nc5 38.Qe7 Rh4 39.Bf5 Rg8 40.Bg4 Ne4 41.Rf5 Nf6 42.Rxf6 Qxf6 43.Be6 Qxe7 
44.Rxe7 Rb8 45.Bf5 Rb4 46.Bd7 Rb1+ 47.Kh2 Rd1 48.Bc6 Rd2 49.Kg3 Kg8 50.Rd7 Rd3+ 
51.f3 e4 52.Rxd6 Kf7 53.Re6 exf3 54.gxf3 g5 55.Re4 Kf6 56.Kg4 Rg8 57.Re6+ Kf7 
58.b6 Rd4+ 59.Kg3 Rb4 60.b7 Rb3 61.Rh6 Rb4 62.Rh7+ Kf6 63.Rc7 1-0

[Event "Jan Macieja Memorial"]
[Site "Warsaw POL"]
[Date "2023.07.10"]
[Round "4.34"]
[White "Rekuc, Patryk"]
[Black "Krogulski, Maksymilian"]
[Result "1-0"]
[WhiteElo "2108"]
[BlackElo "1750"]
[EventDate "2023.07.10"]
[PlyCount "167"]

1.Nf3 d5 2.b3 c5 3.Bb2 Nc6 4.e3 e6 5.Be2 Nf6 6.O-O Bd6 7.d4 O-O 8.Nbd2 a6 9.c4 
cxd4 10.exd4 b6 11.Rc1 Bb7 12.Ne5 Bxe5 13.dxe5 Nd7 14.cxd5 Ncxe5 15.Nf3 Nxf3+ 
16.Bxf3 exd5 17.Bxd5 Bxd5 18.Qxd5 Nc5 19.Qf3 Qd3 20.Qc6 Qb5 21.Qc7 Nd3 22.Qc3 
Nxb2 23.Qxb2 Rac8 24.Qd4 h6 25.Rfd1 Qa5 26.Rxc8 Rxc8 27.Qd7 Rf8 28.a4 Qb4 
29.Qd3 a5 30.h3 g6 31.Qd5 Kg7 32.Rd3 Qe1+ 33.Kh2 Qxf2 34.Rf3 Qb2 35.Qd6 f6 
36.Qxb6 Qe5+ 37.Kg1 Qe1+ 38.Rf1 Qe5 39.Rf3 Qe1+ 40.Rf1 Qe5 41.b4 axb4 42.Qxb4 
Qe3+ 43.Kh1 Rf7 44.a5 Qe2 45.Ra1 Qa6 46.Qb6 Ra7 47.Rc1 Qxa5 48.Rc7+ Rxc7 
49.Qxa5 Rf7 50.Qd5 h5 51.Qe6 Rf8 52.Kh2 Rf7 53.Qd6 g5 54.Qd3 Rf8 55.Qf5 Rf7 
56.h4 gxh4 57.Kh3 Rf8 58.Kxh4 Rh8 59.Qd7+ Kg6 60.Qd3+ Kg7 61.Qg3+ Kf7 62.Qd6 
Kg6 63.Qe6 Rh6 64.Qg8+ Kf5 65.Qg7 Rg6 66.Qd7+ Ke5 67.Qc7+ Ke6 68.Qc4+ Ke5 
69.Qe2+ Kf5 70.Qd3+ Kf4 71.Qxg6 f5 72.Qg3+ Ke4 73.Kxh5 f4 74.Qf3+ Kd4 75.Qxf4+ 
Kd3 76.Qe5 Kd2 77.Qe4 Kc1 78.Qe2 Kb1 79.Kg4 Kc1 80.Kf4 Kb1 81.Ke3 Kc1 82.Kd3 
Kb1 83.Kc3 Ka1 84.Qb2# 1-0

[Event "Jan Macieja Memorial"]
[Site "Warsaw POL"]
[Date "2023.07.10"]
[Round "4.35"]
[White "Redzisz, Michal"]
[Black "Rogulska, Monika"]
[Result "1-0"]
[WhiteElo "2103"]
[BlackElo "1741"]
[EventDate "2023.07.10"]
[PlyCount "55"]

1.d4 e6 2.Nf3 d5 3.c4 Nf6 4.g3 b6 5.Bg2 Bb7 6.O-O Nbd7 7.Nbd2 Be7 8.b3 O-O 
9.Bb2 dxc4 10.Nxc4 c5 11.Qc2 Rc8 12.Rad1 Qc7 13.Qb1 Be4 14.Qa1 Nd5 15.dxc5 Qxc5 
16.Bxg7 Bf6 17.Bxf6 N5xf6 18.Nfe5 Nxe5 19.Nxe5 Bxg2 20.Kxg2 Qe7 21.Rd4 Rfd8 
22.Rfd1 Rxd4 23.Qxd4 Nd5 24.e4 Nf6 25.Qe3 Kh8 26.Qh6 Ng8 27.Qh5 f6 28.Rd7 1-0

[Event "Jan Macieja Memorial"]
[Site "Warsaw POL"]
[Date "2023.07.10"]
[Round "4.36"]
[White "Moscicka, Pola"]
[Black "Chmiel, Marcin"]
[Result "0-1"]
[WhiteElo "1804"]
[BlackElo "2084"]
[EventDate "2023.07.10"]
[PlyCount "52"]

1.d4 d5 2.c4 c6 3.Nf3 Nf6 4.Nc3 e6 5.Qd3 dxc4 6.Qxc4 b5 7.Qd3 a6 8.e4 c5 9.d5 
c4 10.Qd4 exd5 11.exd5 Bd6 12.Bg5 Nbd7 13.Ne4 Qe7 14.Nd2 Bb4 15.Bxf6 Nxf6 16.f3 
O-O 17.d6 Qe6 18.Be2 Nxe4 19.fxe4 Bxd6 20.Nf3 Bb4+ 21.Kf1 Bb7 22.e5 Rad8 23.Qf4 
f6 24.exf6 Rxf6 25.Qg3 Qe3 26.Rb1 Re8 0-1

[Event "Jan Macieja Memorial"]
[Site "Warsaw POL"]
[Date "2023.07.10"]
[Round "4.37"]
[White "Wieckowski, Michal"]
[Black "Mulawa, Cyprian"]
[Result "0-1"]
[WhiteElo "1792"]
[BlackElo "2081"]
[EventDate "2023.07.10"]
[PlyCount "41"]

1.b3 Nf6 2.Bb2 g6 3.e3 Bg7 4.Nf3 O-O 5.d4 d6 6.c4 e5 7.h3 Nc6 8.Be2 exd4 9.Nxd4 
Bd7 10.Bf3 Nxd4 11.Bxd4 Bc6 12.Nd2 Re8 13.O-O Qd7 14.Bxc6 bxc6 15.Nf3 c5 16.Bc3 
a5 17.Qc2 a4 18.Rfd1 Qc6 19.Rac1 axb3 20.axb3 Ne4 21.Bxg7 0-1

[Event "Jan Macieja Memorial"]
[Site "Warsaw POL"]
[Date "2023.07.10"]
[Round "4.38"]
[White "Padalka, Artem"]
[Black "Fudala, Dominik"]
[Result "1-0"]
[WhiteElo "2073"]
[BlackElo "1733"]
[EventDate "2023.07.10"]
[PlyCount "57"]

1.Nf3 Nf6 2.c4 e6 3.g3 d5 4.Bg2 c6 5.Qc2 g6 6.O-O Bg7 7.d3 O-O 8.e4 b6 9.e5 
Nfd7 10.d4 Bb7 11.Bg5 Qe8 12.Nbd2 c5 13.cxd5 Bxd5 14.dxc5 Nxe5 15.Nxe5 Bxg2 
16.Kxg2 Bxe5 17.Bh6 Bg7 18.Bxg7 Kxg7 19.cxb6 axb6 20.Rfc1 Qd7 21.Qc3+ f6 22.a3 
Qd5+ 23.Qf3 Qxf3+ 24.Kxf3 Na6 25.Rc6 Rad8 26.Ke3 Nc5 27.Rxb6 Rxd2 28.Kxd2 Nb3+ 
29.Rxb3 1-0

[Event "Jan Macieja Memorial"]
[Site "Warsaw POL"]
[Date "2023.07.10"]
[Round "4.39"]
[White "Michalska, Aleksandra"]
[Black "Bazilius, Augustinas"]
[Result "0-1"]
[WhiteElo "1730"]
[BlackElo "2050"]
[EventDate "2023.07.10"]
[PlyCount "37"]

1.e4 c5 2.Nc3 Nc6 3.Bb5 g6 4.Bxc6 bxc6 5.f4 Bg7 6.Nf3 d6 7.d3 Nf6 8.O-O O-O 
9.Qe1 Rb8 10.Rb1 Ba6 11.h3 Nd7 12.Bd2 e6 13.Nh2 Re8 14.Kh1 c4 15.Rf3 cxd3 
16.cxd3 Nc5 17.Qg3 Bf6 18.Re3 d5 19.e5 0-1

[Event "Jan Macieja Memorial"]
[Site "Warsaw POL"]
[Date "2023.07.10"]
[Round "4.40"]
[White "Zhuk, Ivan"]
[Black "Kotowicz, Kamil"]
[Result "0-1"]
[WhiteElo "2032"]
[BlackElo "1726"]
[EventDate "2023.07.10"]
[PlyCount "60"]

1.e4 e6 2.d4 d5 3.Nc3 dxe4 4.Nxe4 b6 5.Bd3 Bb7 6.Nf3 Nd7 7.O-O Ngf6 8.Bg5 Be7 
9.Bxf6 Nxf6 10.Nxf6+ Bxf6 11.c3 O-O 12.Qe2 c5 13.dxc5 bxc5 14.Qe3 Qc7 15.Rad1 
Rfd8 16.Rd2 Bxf3 17.Qxf3 c4 18.Bc2 Rxd2 19.Qxa8+ Qd8 20.Qe4 g6 21.g3 Qd5 22.Rb1 
Kg7 23.Qxd5 exd5 24.Kf1 Rxc2 25.Ke1 d4 26.cxd4 Bxd4 27.f4 Rxh2 28.Rd1 Bxb2 
29.Rd7 c3 30.Rc7 c2 0-1

[Event "Jan Macieja Memorial"]
[Site "Warsaw POL"]
[Date "2023.07.10"]
[Round "4.44"]
[White "Siekanska, Zuzanna"]
[Black "Syrkiewicz, Michal"]
[Result "0-1"]
[WhiteElo "1715"]
[BlackElo "2009"]
[EventDate "2023.07.10"]
[PlyCount "115"]

1.d4 Nf6 2.c4 d6 3.Nc3 e5 4.d5 Be7 5.e4 Nbd7 6.Be3 Nc5 7.f3 a5 8.Bd3 Nh5 9.Nge2 
Bg5 10.Bf2 Nf4 11.Nxf4 Bxf4 12.Ne2 Qg5 13.Nxf4 exf4 14.Rg1 Nxd3+ 15.Qxd3 O-O 
16.O-O-O f5 17.Bd4 fxe4 18.fxe4 f3+ 19.Be3 Qf6 20.gxf3 Qxf3 21.Qd4 Qf6 22.Qxf6 
Rxf6 23.Bd4 Rf7 24.h4 Bd7 25.Rdf1 Raf8 26.Rxf7 Rxf7 27.Kd2 Bc8 28.Ke3 Bd7 29.a3 
Bc8 30.b4 b6 31.bxa5 bxa5 32.Bc3 Ba6 33.Kd4 a4 34.Rb1 Rf3 35.Rb8+ Kf7 36.Ra8 
Bb7 37.Ra7 Bc8 38.Rxc7+ Kg6 39.Rxc8 Kh5 40.Rd8 Kxh4 41.Rxd6 g5 42.Rh6+ Kg3 
43.Rxh7 g4 44.Bb4 Kg2 45.Ra7 g3 46.Bd6 Kg1 47.Bxg3 Rxg3 48.Rxa4 Kf2 49.c5 Kf3 
50.c6 Rg4 51.Ke5 Rg5+ 52.Kd6 Rg8 53.c7 Rf8 54.Kd7 Rf7+ 55.Kc6 Rf8 56.Kb7 Rf7 
57.Kb8 Rf8+ 58.c8=Q 0-1

[Event "Jan Macieja Memorial"]
[Site "Warsaw POL"]
[Date "2023.07.10"]
[Round "4.45"]
[White "Kazmierowski, Tymon"]
[Black "Sliwicki, Damian"]
[Result "0-1"]
[WhiteElo "1698"]
[BlackElo "2005"]
[EventDate "2023.07.10"]
[PlyCount "108"]

1.e4 c5 2.Nf3 g6 3.c4 Nc6 4.d4 cxd4 5.Nxd4 Nf6 6.Nc3 Nxd4 7.Qxd4 d6 8.f3 Bg7 
9.Be3 O-O 10.Qd2 a5 11.Be2 a4 12.O-O Qa5 13.Rfd1 Be6 14.Rac1 Rfc8 15.b3 axb3 
16.axb3 Qb4 17.Nd5 Qxd2 18.Bxd2 Bxd5 19.cxd5 Nd7 20.Be3 Nc5 21.Bc4 h5 22.Rc2 
Ra3 23.Rdc1 Nxb3 24.Bxb3 Rxc2 25.Bxc2 Rxe3 26.Rb1 Rc3 27.Ba4 Bd4+ 28.Kf1 Rc4 
29.Bb5 Rc2 30.Be2 b6 31.f4 h4 32.h3 Kg7 33.Bf3 Be3 34.f5 gxf5 35.exf5 Kf6 
36.Be4 Rf2+ 37.Ke1 Ke5 38.Bf3 Kxf5 39.Rb4 Bd2+ 40.Kxf2 Bxb4 41.Ke3 Ke5 42.Be4 
Bc5+ 43.Kd3 e6 44.Bf3 exd5 45.Kc3 b5 46.Be2 b4+ 47.Kd3 d4 48.Kc4 Kf4 49.Bf3 Ke3 
50.Kb3 d3 51.Kb2 Kd2 52.Bg4 Ke1 53.Bf3 d2 54.Kc2 b3+ 0-1

[Event "Jan Macieja Memorial"]
[Site "Warsaw POL"]
[Date "2023.07.10"]
[Round "4.46"]
[White "Pires, Emanuel Joao Robarts"]
[Black "Stefaniuk, Zbigniew"]
[Result "1-0"]
[WhiteElo "2005"]
[BlackElo "1684"]
[EventDate "2023.07.10"]
[PlyCount "96"]

1.e4 e5 2.Nf3 Nc6 3.Bc4 Nf6 4.O-O Nxe4 5.d4 exd4 6.Nc3 dxc3 7.Bxf7+ Kxf7 8.Qd5+ 
Ke8 9.Re1 Ne7 10.Rxe4 d6 11.Bg5 c6 12.Qd4 Bf5 13.Re2 Qd7 14.Bxe7 Bxe7 15.Qxg7 
Rf8 16.Rae1 Rf7 17.Qg8+ Rf8 18.Qg5 Rf7 19.Rxe7+ Qxe7 20.Rxe7+ Rxe7 21.Qg8+ Kd7 
22.Qxa8 Kc7 23.bxc3 Bxc2 24.Qxa7 Be4 25.Nd4 Bd5 26.Qa5+ Kd7 27.f3 Re1+ 28.Kf2 
Ra1 29.a4 Ra2+ 30.Kg3 Ra1 31.Qb6 Kc8 32.a5 Ra2 33.c4 Bxc4 34.Nxc6 bxc6 35.Qxc6+ 
Kb8 36.Qxd6+ Kb7 37.Qb4+ Ka7 38.Qb6+ Ka8 39.Qc6+ Ka7 40.Qc7+ Ka8 41.Qxc4 Rxa5 
42.Qg8+ Ka7 43.Qxh7+ Ka6 44.h4 Kb6 45.h5 Rg5+ 46.Kh3 Ra5 47.h6 Ka6 48.Qg6+ Kb7 1-0

[Event "Jan Macieja Memorial"]
[Site "Warsaw POL"]
[Date "2023.07.10"]
[Round "4.48"]
[White "Sternik, Piotr"]
[Black "Janeczko, Jakub"]
[Result "0-1"]
[WhiteElo "1642"]
[BlackElo "1991"]
[EventDate "2023.07.10"]
[PlyCount "104"]

1.d4 Nf6 2.Bg5 Ne4 3.h4 c5 4.d5 Qb6 5.Qc1 c4 6.e3 Qa5+ 7.c3 Qxd5 8.Na3 Nxg5 
9.hxg5 Qxg5 10.Nxc4 d5 11.Na3 e6 12.Nb5 Na6 13.Nf3 Qf6 14.Nbd4 Bd7 15.Be2 e5 
16.Nb3 Bd6 17.Qc2 Nc7 18.Rxh7 O-O-O 19.Rxh8 Rxh8 20.O-O-O e4 21.Nfd4 Qxf2 
22.Kb1 Qxe3 23.c4 dxc4 24.Qxc4 f5 25.Rc1 Kb8 26.Nc5 Bxc5 27.Qxc5 Rc8 28.Qe5 f4 
29.Bb5 Bxb5 30.Nxb5 Qd3+ 31.Ka1 Qxb5 32.Qxe4 g5 33.Qg6 a5 34.a3 a4 35.g3 fxg3 
36.Qe4 Na6 37.Rg1 Nc5 38.Qe5+ Ka7 39.Qe3 Ka6 40.Qxg3 Nb3+ 41.Ka2 Qc4 42.Qd6+ 
Rc6 43.Qd3 Nc1+ 44.Kb1 Qxd3+ 45.Ka1 Nb3+ 46.Ka2 Qc4 47.Kb1 Nd2+ 48.Ka1 Nb3+ 
49.Kb1 Qd3+ 50.Ka2 Rc2 51.Rb1 Qd2 52.Rd1 Rxb2# 0-1

[Event "Jan Macieja Memorial"]
[Site "Warsaw POL"]
[Date "2023.07.10"]
[Round "4.49"]
[White "Goslawski, Michal"]
[Black "Krzyzewski, Radoslaw"]
[Result "1/2-1/2"]
[WhiteElo "1989"]
[BlackElo "1612"]
[EventDate "2023.07.10"]
[PlyCount "121"]

1.Nf3 c5 2.g3 Nc6 3.Bg2 d5 4.d4 e6 5.O-O Nf6 6.c4 cxd4 7.Nxd4 Be7 8.Nc3 a6 
9.cxd5 Nxd5 10.Nxd5 exd5 11.Be3 O-O 12.Nxc6 bxc6 13.Rc1 Bd7 14.Bc5 Re8 15.Bxe7 
Qxe7 16.e3 Rab8 17.Qd4 Rb4 18.Qc3 Reb8 19.b3 a5 20.Rfd1 a4 21.bxa4 Rxa4 22.Rb1 
Rba8 23.Rb7 Rxa2 24.Bh3 Rd8 25.Qxc6 Bxc6 26.Rxe7 Kf8 27.Rc7 Ba8 28.Bg2 Ra5 
29.Bf3 g6 30.Kg2 Kg7 31.Rd4 h5 32.h3 Kf6 33.Rc2 Bb7 34.Rb2 Ba6 35.Rb6+ Ke7 
36.Rxd5 Rdxd5 37.Bxd5 Rxd5 38.Rxa6 Rd2 39.Kf3 Kf8 40.Rb6 Rd3 41.Rb5 Rd6 42.h4 
Rc6 43.Rb3 Kg7 44.e4 Re6 45.Rb5 Rc6 46.Rd5 Rc3+ 47.Kf4 Rc2 48.f3 Rc6 49.g4 Rf6+ 
50.Ke3 hxg4 51.fxg4 Rf1 52.h5 gxh5 53.gxh5 Re1+ 54.Kd4 Rd1+ 55.Ke5 Rh1 56.Kd6 
Ra1 57.Rf5 Ra6+ 58.Ke7 Re6+ 59.Kd7 Rxe4 60.Kd6 Re6+ 61.Kd5 1/2-1/2

[Event "Jan Macieja Memorial"]
[Site "Warsaw POL"]
[Date "2023.07.10"]
[Round "4.50"]
[White "Prus, Marek"]
[Black "Paprocki, Antoni"]
[Result "0-1"]
[WhiteElo "1584"]
[BlackElo "1978"]
[EventDate "2023.07.10"]
[PlyCount "26"]

1.e4 e5 2.Nf3 Nc6 3.Bb5 a6 4.Ba4 Nf6 5.O-O Be7 6.Re1 b5 7.Bb3 d6 8.h3 O-O 9.d4 
Nxd4 10.Nxd4 exd4 11.Qxd4 c5 12.Qd1 c4 13.e5 dxe5 0-1

[Event "Jan Macieja Memorial"]
[Site "Warsaw POL"]
[Date "2023.07.10"]
[Round "4.51"]
[White "Taranowicz, Michal"]
[Black "Boryna, Szymon"]
[Result "1/2-1/2"]
[WhiteElo "1975"]
[BlackElo "1553"]
[EventDate "2023.07.10"]
[PlyCount "49"]

1.Nc3 Nf6 2.e4 e6 3.d4 d5 4.e5 Nfd7 5.f4 c5 6.Nf3 Nc6 7.Be3 Qb6 8.a3 cxd4 
9.Nxd4 Nxd4 10.Bxd4 Bc5 11.Nb5 O-O 12.b4 Bxd4 13.Qxd4 Qxd4 14.Nxd4 Nb6 15.O-O-O 
Bd7 16.Bd3 Rac8 17.f5 exf5 18.Bxf5 Bxf5 19.Nxf5 Rc3 20.Rhf1 Re8 21.Nd6 Rxe5 
22.Rxf7 Re2 23.Rdf1 Rcxc2+ 24.Kd1 Rcd2+ 25.Kc1 1/2-1/2

[Event "Jan Macieja Memorial"]
[Site "Warsaw POL"]
[Date "2023.07.10"]
[Round "4.52"]
[White "Malicki, Jan"]
[Black "Adamski, Jan"]
[Result "1/2-1/2"]
[WhiteElo "1551"]
[BlackElo "1966"]
[EventDate "2023.07.10"]
[PlyCount "92"]

1.d4 Nf6 2.c4 e6 3.Nc3 Bb4 4.Bd2 c5 5.Nf3 b6 6.e3 Bb7 7.Be2 O-O 8.O-O cxd4 
9.Nxd4 Nc6 10.Bf3 Qc8 11.Nc2 Be7 12.Rc1 Ne5 13.Bxb7 Qxb7 14.b3 a6 15.a4 Rac8 
16.Nd4 d5 17.f4 Nd3 18.Rc2 dxc4 19.bxc4 Nb4 20.Rb2 Rxc4 21.Qe2 Rfc8 22.Rc1 Ne4 
23.Rb3 Nc5 24.Qxc4 Nxb3 25.Qxb3 a5 26.Ncb5 g6 27.Rxc8+ Qxc8 28.Qc3 Qa8 29.Kf2 
Qe4 30.Qc8+ Kg7 31.Bc3 Nd3+ 32.Ke2 Nxf4+ 33.Ke1 Qxe3+ 34.Kd1 Qd3+ 35.Kc1 Nd5 
36.Ne2+ Bf6 37.Bxf6+ Kxf6 38.Qd8+ Kg7 39.Ng3 Qc4+ 40.Kd2 Qxa4 41.Nd6 Qd4+ 
42.Ke2 Qe3+ 43.Kd1 Qd3+ 44.Ke1 Qe3+ 45.Kd1 Qd3+ 46.Ke1 Qe3+ 1/2-1/2

[Event "Jan Macieja Memorial"]
[Site "Warsaw POL"]
[Date "2023.07.10"]
[Round "4.56"]
[White "Stachniak, Stanislaw"]
[Black "Kaminski, Maciej"]
[Result "0-1"]
[WhiteElo "1439"]
[BlackElo "1905"]
[EventDate "2023.07.10"]
[PlyCount "40"]

1.d4 Nf6 2.c4 e5 3.dxe5 Ng4 4.e4 d6 5.exd6 Bxd6 6.Nc3 Nc6 7.Be2 h5 8.Nf3 Be6 
9.h3 Nge5 10.Nd2 Qg5 11.g3 Qg6 12.f4 Qxg3+ 13.Kf1 Bxh3+ 14.Rxh3 Qxh3+ 15.Ke1 
Qg3+ 16.Kf1 Ng4 17.Bxg4 hxg4 18.Ne2 Rh1+ 19.Ng1 Rxg1+ 20.Ke2 Nd4# 0-1

[Event "Jan Macieja Memorial"]
[Site "Warsaw POL"]
[Date "2023.07.10"]
[Round "4.57"]
[White "Pesko, Tomasz"]
[Black "Rabiej, Mateusz"]
[Result "1/2-1/2"]
[WhiteElo "1904"]
[BlackElo "1395"]
[EventDate "2023.07.10"]
[PlyCount "90"]

1.d4 d5 2.c4 e6 3.Nc3 c6 4.Nf3 Nf6 5.Bg5 Be7 6.e3 Nbd7 7.Rc1 O-O 8.Bd3 h6 9.Bh4 
b6 10.cxd5 cxd5 11.O-O Bb7 12.Bb1 Rc8 13.Qd3 g6 14.Bg3 Kg7 15.Ne5 Nxe5 16.Bxe5 
Bd6 17.Bxd6 Qxd6 18.a3 a6 19.Rc2 Rc7 20.Rfc1 Rfc8 21.Na4 Nd7 22.Qb3 b5 23.Nc3 
Nb6 24.a4 b4 25.Na2 a5 26.Rxc7 Rxc7 27.Rxc7 Qxc7 28.Qc2 Qxc2 29.Bxc2 Bc6 30.b3 
Kf6 31.Nc1 Nd7 32.Nd3 g5 33.f3 Bb7 34.Kf2 Ba6 35.e4 Bxd3 36.Bxd3 dxe4 37.fxe4 
e5 38.Ke3 h5 39.Bb5 Nb6 40.d5 Ke7 41.Be2 h4 42.Bg4 f6 43.Kd3 Kd6 44.Be6 Kc5 
45.Bg4 Kd6 1/2-1/2

[Event "Jan Macieja Memorial"]
[Site "Warsaw POL"]
[Date "2023.07.10"]
[Round "4.60"]
[White "Bury, Milosz"]
[Black "Kultiyasov, Mikhail"]
[Result "0-1"]
[WhiteElo "1651"]
[BlackElo "2104"]
[EventDate "2023.07.10"]
[PlyCount "32"]

1.e4 c5 2.Nf3 e6 3.d4 cxd4 4.Nxd4 a6 5.Nc3 Qc7 6.Bd2 Nf6 7.Bd3 b5 8.a3 Bb7 
9.O-O Bc5 10.Nb3 Ba7 11.Qe2 Nc6 12.Rae1 h5 13.e5 Ng4 14.Bf4 g5 15.Bxg5 Ncxe5 
16.Ne4 Nf3+ 0-1